US-Bundesstaaten nach Fläche - Statistiken

Allgemein
  • Dieses Quiz wurde 1.124 mal gespielt
  • Das Durchschnittsergebnis liegt bei 19 aus 50
Antwortstatistiken
Fläche (km²) Bundesstaat % Korrekt
1.478.840 Alaska
97%
676.653 Texas
96%
403.504 Kalifornien
89%
376.963 Montana
72%
314.196 New Mexico
57%
2.678 Rhode Island
56%
294.199 Arizona
55%
284.330 Nevada
51%
268.423 Colorado
49%
5.046 Delaware
49%
251.459 Wyoming
45%
248.607 Oregon
44%
12.542 Connecticut
43%
214.050 Idaho
41%
16.634 Hawaii
39%
23.874 Vermont
38%
19.048 New Jersey
37%
25.151 Maryland
36%
23.189 New Hampshire
36%
212.886 Utah
36%
211.755 Kansas
34%
206.229 Minnesota
34%
20.205 Massachusetts
33%
198.957 Nebraska
33%
178.708 North Dakota
33%
196.347 South Dakota
32%
138.949 Florida
30%
79.887 Maine
30%
172.113 Washington
30%
144.661 Iowa
29%
146.601 Michigan
29%
178.051 Missouri
29%
177.663 Oklahoma
28%
62.266 West Virginia
28%
122.049 New York
27%
105.829 Ohio
27%
140.290 Wisconsin
27%
131.174 Alabama
26%
134.769 Arkansas
26%
149.482 Georgia
26%
143.781 Illinois
26%
102.279 Kentucky
26%
77.865 South Carolina
26%
92.789 Indiana
25%
111.898 Louisiana
25%
121.534 Mississippi
25%
125.924 North Carolina
24%
115.884 Pennsylvania
24%
106.803 Tennessee
24%
102.258 Virginia
24%
Keine übereinstimmenden Quizze gefunden
Verteilung der Resultate
Anzahl Personen mit jedem Resultat
Perzentil nach korrekt beantworteten Fragen
Ihre Resultats-Entwicklung
Sie haben dieses Quiz noch nicht gespielt